000 00512nam a2200229Ia 4500
003 IT-RoPAU
008 120407s9999 xx 000 0 und d
040 _aIT-RoPAU
040 _cIT-RoPAU
041 _aita
100 _aKurt O. Friedrichs
245 _aI concetti matematici elementari della fisica.
250 _aTorino
260 _aBoringhieri
260 _c1967
300 _a120 p.
300 _c19,5 cm
490 _aUniversale scientifica
490 _v127
942 _cBK
999 _c24730
_d24730